000 00880nam a2200193Ia 4500
001 14823
003 GE_BSU
008 181216s||||||||xx |||||||||||||| ||und||
040 _cGE_BSU
080 _a515.1
100 _aАлександров,П.С. Пасынков,Б.А.
245 _aВведение в теорию размерности. Введение в теорию топологических пространств и общую пространств и общую теорию размерности
260 _aМосква
260 _bНаука
260 _c1973
300 _a575стр.22см.
653 _aВведение в теорию размерности. Введение в теорию топологических пространств и общую пространств и общую теорию размерности
942 _cBK
999 _c47946
_d47946